Normal view
MARC view
Entry Personal Name
001 - CONTROL NUMBER
- control field: 43641
003 - CONTROL NUMBER IDENTIFIER
- control field: ARRUPE
005 - DATE AND TIME OF LATEST TRANSACTION
- control field: 20181123151300.0
008 - FIXED-LENGTH DATA ELEMENTS
- fixed length control field: 181123|| aca||aabn | a|a d
040 ## - CATALOGING SOURCE
- Original cataloging agency: ARRUPE
- Transcribing agency: ARRUPE
100 ## - HEADING--PERSONAL NAME
- Personal name: Van Gogh, Vinicent
670 ## - SOURCE DATA FOUND
- Source citation: Work cat.: (ARRUPE): Hammacher, Abraham Marie 43640, Vincent, 1967.